Loading...
| History - World | 0 | 6 | 0 | 1 | 60 | 9 | 67.17 | 2 | 3 | 12.76 | 17.95 |
| Literature - British | 0 | 7 | 2 | 0 | 60 | 64 | 83.00 | 0 | 4 | 6.88 | 15.65 |
| Religion | 0 | 6 | 1 | 1 | 55 | 13 | 83.50 | 1 | 2 | 7.38 | 10.98 |
| Fine Arts - Painting and Sculpture | 0 | 5 | 1 | 1 | 45 | 94 | 98.40 | 0 | 3 | 3.41 | 11.34 |
| Mythology | 0 | 5 | 1 | 3 | 45 | 71 | 94.40 | 0 | 3 | 5.92 | 15.18 |
| Fine Arts - Classical Music | 0 | 5 | 1 | 1 | 45 | 81 | 97.80 | 0 | 3 | 4.06 | 12.41 |
| Literature - World | 0 | 4 | 0 | 1 | 40 | 85 | 105.25 | 0 | 0 | 2.07 | 8.21 |
| History - European | 0 | 5 | 2 | 3 | 40 | 66 | 101.80 | 0 | 0 | 1.22 | 4.75 |
| Social Science | 0 | 3 | 0 | 1 | 30 | 37 | 71.67 | 0 | 2 | 7.90 | 14.29 |
| Literature - European | 0 | 3 | 0 | 0 | 30 | 85 | 88.67 | 0 | 1 | 6.08 | 12.50 |
| Science - Chemistry | 0 | 3 | 0 | 1 | 30 | 72 | 98.67 | 0 | 0 | 2.61 | 7.86 |
| Science - Biology | 0 | 3 | 1 | 0 | 25 | 66 | 76.33 | 0 | 1 | 3.58 | 6.34 |
| Science - Other | 0 | 3 | 1 | 1 | 25 | 67 | 91.00 | 0 | 1 | 3.68 | 8.75 |
| Fine Arts - Other | 0 | 3 | 2 | 0 | 20 | 63 | 83.33 | 1 | 1 | 4.04 | 9.38 |
| Literature - American | 0 | 2 | 0 | 0 | 20 | 111 | 113.00 | 0 | 0 | 0.25 | 5.18 |
| Philosophy | 0 | 2 | 0 | 1 | 20 | 102 | 104.00 | 0 | 0 | 3.53 | 4.80 |
| History - Other | 0 | 3 | 4 | 0 | 10 | 69 | 75.67 | 0 | 1 | 4.68 | 11.16 |
| History - American | 0 | 1 | 0 | 0 | 10 | 73 | 73.00 | 0 | 0 | 16.82 | 25.00 |
| Current Events | 0 | 1 | 1 | 0 | 5 | 23 | 23.00 | 1 | 1 | 9.65 | 12.50 |
| Popular Culture | 0 | 1 | 1 | 0 | 5 | 39 | 39.00 | 0 | 0 | 6.67 | 6.25 |
| Geography | 0 | 1 | 1 | 0 | 5 | 64 | 64.00 | 0 | 1 | 4.34 | 8.57 |
| Science - Physics | 0 | 1 | 2 | 0 | 0 | 43 | 43.00 | 0 | 1 | 3.05 | 3.75 |